[Event "Challenge"]
[Site "http://www.queenalice.com/game.php?id=332696"]
[Date "2008.1.7"]
[Round "-"]
[White "Moondawg"]
[Black "crisvolei"]
[Result "1-0"]
[WhiteElo "1867"]
[BlackElo "1248"]

1. e4 e5 2. Nf3 Qf6 3. c3 Bc5 4. b4 Bb6 5. a4 Qf4 6. d3 Bxf2+ 7. Kxf2 Qg4 8. Be2
Nf6 9. Nxe5 Nxe4+ 10. dxe4 Qxe4 11. Nf3 O-O 12. Re1 d5 13. Qd4 Qg6 14. Qxd5 c6
15. Qg5 Qd6 16. Rd1 Qe6 17. Nd4 Qe8 18. Re1 f6 19. Bc4+ Be6 20. Bxe6+ Kh8 21.
Qd2 g5 22. Bf5 Qh5 23. Kg1 Qh4 24. Re4 g4 25. Rxg4 Qh5 26. Qh6 Qe8 27. Qxh7# 1-0

[Event "Let's Play Chess!"]
[Site "http://www.queenalice.com/game.php?id=353841"]
[Date "2008.2.16"]
[Round "-"]
[White "Moondawg"]
[Black "betochess"]
[Result "1-0"]
[WhiteElo "1948"]
[BlackElo "1232"]

1. e4 c5 2. Nf3 d6 3. d4 cxd4 4. Qxd4 Nc6 5. Qe3 e6 6. Bb5 d5 7. exd5 Qxd5 8.
Nc3 Bb4 9. Ba4 Nf6 10. Bd2 O-O 11. Nxd5 1-0

[Event "Test"]
[Site "http://www.queenalice.com/game.php?id=374559"]
[Date "2008.3.21"]
[Round "-"]
[White "Dandi"]
[Black "Moondawg"]
[Result "0-1"]
[WhiteElo "1486"]
[BlackElo "1977"]

1. g3 d5 2. d4 Nc6 3. Nf3 Bg4 4. Ne5 Nxe5 5. dxe5 c5 6. Bg2 e6 7. Bf4 c4 8. Nc3
Bb4 9. Qd2 Qb6 10. O-O d4 11. Qd1 dxc3 12. b3 cxb3 13. Be3 Qc7 14. cxb3 Rd8 15.
Qc2 Qxe5 16. Bf4 Qxe2 17. Qe4 Qxe4 18. Bxe4 Rd7 19. a3 Bc5 20. b4 Bd4 21. Rac1
e5 22. Bg5 h6 23. Be3 Nf6 24. f3 Bxe3+ 25. Kg2 Bxc1 26. Rxc1 Rd2+ 27. Kg1 Nxe4
28. fxe4 c2 29. a4 Bf3 30. Kf1 Rd1+ 31. Kf2 Rxc1 32. Kxf3 Rd1 33. Kg4 c1=Q 34.
Kf5 Qg5# 0-1

[Event "Let's Play Chess!"]
[Site "http://www.queenalice.com/game.php?id=376434"]
[Date "2008.3.28"]
[Round "-"]
[White "betochess"]
[Black "Moondawg"]
[Result "0-1"]
[WhiteElo "1317"]
[BlackElo "1966"]

1. e4 e5 2. Nf3 d6 3. d4 exd4 4. Qxd4 Nc6 5. Bb5 Bd7 6. Qa4 Nf6 7. Nc3 a6 8.
Bxc6 Bxc6 9. Qd4 Bd7 10. O-O Bg4 11. Qd3 h6 12. Re1 Be7 13. Bf4 O-O 14. h3 Bh5
15. Nd4 Bg6 16. f3 Re8 17. Nf5 Bxf5 18. exf5 c6 19. Rad1 d5 20. a3 Qb6+ 21. Qe3
Bc5 22. Qxc5 Rxe1+ 0-1

[Event "You Following Me ?"]
[Site "http://www.queenalice.com/game.php?id=397118"]
[Date "2008.5.2"]
[Round "-"]
[White "Moondawg"]
[Black "APSHOOTER"]
[Result "1-0"]
[WhiteElo "1946"]
[BlackElo "1575"]

1. e4 e5 2. Nf3 d6 3. d4 h6 4. d5 a6 5. Be2 Nf6 6. Qd3 Be7 7. h3 Bd7 8. a3 Bb5
9. Qe3 Bxe2 10. Qxe2 Qd7 11. Qe3 Qb5 12. Nc3 Qd7 13. Bd2 Qd8 14. O-O Nbd7 15. b4
b6 16. a4 Nh5 17. Qe1 Bg5 18. Nxg5 hxg5 19. Qc1 f6 20. Qd1 Nf4 21. Re1 Nxh3+ 22.
gxh3 Rxh3 23. Kg2 Rh4 24. Rh1 Qe7 25. Rh3 O-O-O 26. Rxh4 gxh4 27. Qe2 g5 28.
Qxa6+ 1-0

[Event "Challenge"]
[Site "http://www.queenalice.com/game.php?id=416259"]
[Date "2008.6.11"]
[Round "-"]
[White "Moondawg"]
[Black "SRIVERO"]
[Result "1-0"]
[WhiteElo "1948"]
[BlackElo "1678"]

1. e4 c5 2. Nf3 Nc6 3. d4 cxd4 4. Nxd4 d6 5. Nf3 Nf6 6. Bg5 e6 7. Bb5 Bd7 8. Nc3
Be7 9. Bxf6 Bxf6 10. Qxd6 Rb8 11. Rd1 a6 12. Ba4 b5 13. Bb3 Be7 14. Qd2 Rb7 15.
O-O O-O 16. a3 Na5 17. Ne5 Nxb3 18. cxb3 Bh4 19. Nxd7 Rxd7 20. Qxd7 Qxd7 21.
Rxd7 f5 22. Rd6 fxe4 23. Nxe4 Bf6 24. Nxf6+ Rxf6 25. Rxa6 1-0

[Event "Apshooter's Grudge Match"]
[Site "http://www.queenalice.com/game.php?id=416260"]
[Date "2008.6.11"]
[Round "-"]
[White "Moondawg"]
[Black "APSHOOTER"]
[Result "1-0"]
[WhiteElo "1949"]
[BlackElo "1637"]

1. e4 d5 2. e5 Bf5 3. d4 a6 4. Nf3 h6 5. c4 Be4 6. c5 e6 7. Qb3 Qc8 8. Nbd2 Bxf3
9. Nxf3 c6 10. Be2 Ne7 11. a4 Nd7 12. Bd2 Nf5 13. Bd3 Be7 14. Qc2 g6 15. O-O Qd8
16. Rfe1 Bg5 17. Bxf5 Bxd2 18. Nxd2 gxf5 19. Qb3 Qc7 20. Qc3 O-O-O 21. Re3 Rhg8
22. Rh3 Rg6 23. Rg3 Rdg8 24. Nf1 f4 25. Rxg6 Rxg6 26. Qf3 f6 27. Qd3 Nf8 28.
exf6 Rxf6 29. Re1 Qg7 30. f3 Rg6 31. Re2 Nd7 32. b4 e5 33. b5 Nb8 34. dxe5 Re6
35. Qf5 Qg6 36. Qxf4 Nd7 37. Qd4 Qf5 38. f4 h5 39. g3 Nb8 40. Rd2 Qh3 41. Ne3 h4
42. f5 Rh6 43. Nxd5 hxg3 44. Nb6+ 1-0

[Event "Challenge"]
[Site "http://www.queenalice.com/game.php?id=418144"]
[Date "2008.6.16"]
[Round "-"]
[White "SRIVERO"]
[Black "Moondawg"]
[Result "0-1"]
[WhiteElo "1626"]
[BlackElo "1953"]

1. d4 d5 2. c4 e6 3. Nf3 Nf6 4. Nc3 c5 5. e3 Be7 6. Qc2 Qa5 7. Bd2 dxc4 8. Bxc4
Qd8 9. O-O Nc6 10. Ne2 cxd4 11. exd4 O-O 12. a3 Bd7 13. b4 Rc8 14. Qd3 Bd6 15.
Bg5 h6 16. Bxf6 Qxf6 17. Ng3 Bxg3 18. fxg3 a6 19. Ne5 Nxe5 20. dxe5 Qxe5 21.
Rae1 Qc7 22. Ba2 Bb5 23. Qf3 Bxf1 24. Rxf1 a5 25. bxa5 Qc5+ 26. Qf2 Qxf2+ 0-1

[Event "Challenge"]
[Site "http://www.queenalice.com/game.php?id=421072"]
[Date "2008.6.21"]
[Round "-"]
[White "Moondawg"]
[Black "SRIVERO"]
[Result "1-0"]
[WhiteElo "1956"]
[BlackElo "1584"]

1. e4 c5 2. Nf3 Nc6 3. d4 cxd4 4. Nxd4 d6 5. Nxc6 bxc6 6. Nc3 Nf6 7. Be3 Bb7 8.
Qd2 e6 9. O-O-O Be7 10. g3 a5 11. a3 O-O 12. Be2 Qd7 13. g4 c5 14. g5 Nxe4 15.
Nxe4 Bxe4 16. Rhe1 Rab8 17. Qxa5 Qb7 18. b3 Rfc8 19. Ba6 Ra8 20. Bxb7 Rxa5 21.
Bxc8 Rxa3 22. Kb2 Ra8 23. Bd7 d5 24. Ra1 Rd8 25. Bc6 f6 26. h4 Kf7 27. Ra5 c4
28. b4 Bxb4 29. Ra7+ Kg6 30. Rg1 f5 31. Bd4 Rb8 32. Rxg7+ 1-0

[Event "CAPTURADOR DE PEÇAS 5"]
[Site "http://www.queenalice.com/game.php?id=422240"]
[Date "2008.6.24"]
[Round "-"]
[White "jw16js"]
[Black "Moondawg"]
[Result "0-1"]
[WhiteElo "1543"]
[BlackElo "1960"]

1. e4 e5 2. Bd3 Nf6 3. Nf3 d5 4. exd5 e4 5. Qe2 Qe7 6. Bb5+ c6 7. dxc6 bxc6 8.
Nd4 cxb5 9. Nxb5 Ba6 10. a4 Qb7 11. c4 Bb4 12. f3 O-O 13. O-O exf3 14. Rxf3 Re8
15. Qd3 Bc5+ 16. Kf1 Nbd7 17. Rh3 Ne4 18. Qd5 Qxd5 19. cxd5 Ndf6 20. d3 Nf2 21.
Rg3 Nxd5 22. Bh6 g6 23. N1c3 Bb7 24. Nxd5 Bxd5 25. Nc7 Red8 26. Nxa8 Bxa8 27.
Re1 Nh1 28. Rg5 Bb4 29. Rd1 f6 30. Rb5 Bd6 31. Kg1 Bc6 32. Ra5 Ng3 33. hxg3 Bc7
34. Kh2 Bxa5 35. d4 Bxa4 36. Rd3 Rd5 37. Bd2 Bb5 38. Ra3 Bxd2 39. Rxa7 Rxd4 40.
Kh3 Rb4 41. Ra8+ Kg7 42. Ra2 Bc1 43. Ra7+ Kh6 44. g4 Rxb2 45. g3 g5 46. Rc7 Be3
47. Rf7 Bf1# 0-1

[Event "Challenge"]
[Site "http://www.queenalice.com/game.php?id=422248"]
[Date "2008.6.24"]
[Round "-"]
[White "Moondawg"]
[Black "jw16js"]
[Result "1-0"]
[WhiteElo "1958"]
[BlackElo "1535"]

1. e4 e5 2. Nf3 Bd6 3. d4 exd4 4. Qxd4 f6 5. Be3 c5 6. Qc3 Nc6 7. Bxc5 Bf4 8.
Be3 Bd6 9. a3 b5 10. Bxb5 Bc7 11. Bxc6 Ba5 12. b4 dxc6 13. bxa5 Ne7 14. Qc4
Qxa5+ 15. Bd2 Qc7 16. O-O a6 17. Re1 h5 18. e5 f5 19. Bf4 Nd5 20. Bg3 Rh6 21.
Nc3 Be6 22. Nxd5 Bxd5 23. Qc3 Be6 24. Nd4 Qe7 25. Qxc6+ Kf7 26. Qxa8 Bc4 27.
Nxf5 Qe6 28. Nxh6+ Qxh6 29. Rad1 Bb5 30. Rd6 g6 31. Qb7+ Kg8 32. Rd8+ Qf8 33.
Rxf8+ Kxf8 34. e6 Be8 35. Qh7 g5 36. Bd6# 1-0

[Event "Fast game!"]
[Site "http://www.queenalice.com/game.php?id=423482"]
[Date "2008.6.26"]
[Round "-"]
[White "davidg"]
[Black "Moondawg"]
[Result "0-1"]
[WhiteElo "1100"]
[BlackElo "1964"]

1. d4 d5 2. c4 e6 3. e3 Nf6 4. a3 Bd7 5. Nc3 b6 6. Nf3 Bd6 7. b4 c5 8. bxc5 bxc5
9. Be2 cxd4 10. Nxd4 Be5 11. cxd5 Nxd5 12. Nxd5 exd5 13. O-O Qc7 14. f4 Bf6 15.
Ra2 O-O 16. Bd3 Bxd4 17. exd4 Nc6 18. Be3 Rfe8 19. Qf3 Bg4 20. Qg3 Rab8 21. Bc2
Bc8 22. Bf2 Ba6 23. Rc1 Bc4 24. Raa1 Re2 25. Bd1 Re4 26. Bf3 Nxd4 27. Bxd4 Rxd4
28. f5 Qxg3 29. hxg3 Rd2 30. Rd1 Rbb2 31. Rxd2 Rxd2 32. Rb1 Kf8 33. Rb8+ Ke7 34.
Rb7+ Kf6 35. Rxa7 d4 36. g4 g6 37. fxg6 hxg6 38. a4 Ra2 39. Kh2 d3 40. a5 d2 41.
Rc7 Be6 42. Rc5 Bb3 43. Rc3 d1=Q 0-1

[Event "Let's Play Fast!"]
[Site "http://www.queenalice.com/game.php?id=423483"]
[Date "2008.6.26"]
[Round "-"]
[White "Moondawg"]
[Black "davidg"]
[Result "1-0"]
[WhiteElo "1962"]
[BlackElo "1100"]

1. e4 c5 2. Nf3 Nc6 3. d4 cxd4 4. Nxd4 Nxd4 5. Qxd4 a6 6. Nd2 b5 7. Nf3 Bb7 8.
Bd3 d6 9. Bg5 f6 10. Bd2 e5 11. Qe3 Ne7 12. a4 bxa4 13. Rxa4 d5 14. O-O d4 15.
Qe2 Qb6 16. Ra2 Nc6 17. Rfa1 Nb8 18. Bc4 Bd6 19. Nh4 Bc8 20. Qh5+ Kd7 21. Qf7+
Be7 22. Qd5+ Bd6 23. Ba5 1-0

[Event "Good Game Friend"]
[Site "http://www.queenalice.com/game.php?id=423487"]
[Date "2008.6.26"]
[Round "-"]
[White "Moondawg"]
[Black "jw16js"]
[Result "1-0"]
[WhiteElo "1966"]
[BlackElo "1484"]

1. e4 e5 2. Nf3 d6 3. d4 c6 4. d5 c5 5. Nc3 a6 6. Be3 b6 7. Be2 Bg4 8. Qd2 Bxf3
9. Bxf3 Nd7 10. a3 Be7 11. h3 Bh4 12. Bg4 Ndf6 13. Bf3 h6 14. g3 Bg5 15. Bxg5
hxg5 16. Qxg5 Rh7 17. h4 g6 18. h5 Qd7 19. O-O-O O-O-O 20. hxg6 fxg6 21. Rh4 Kb7
22. Bg4 Qg7 23. Rdh1 Rxh4 24. gxh4 Ne7 25. h5 Nxg4 26. Qxg4 g5 27. Ne2 Ng8 28.
Rg1 Qh7 29. Qxg5 Qd7 30. f4 Rf8 31. f5 Nf6 32. Qh6 Ne8 33. Qxf8 b5 34. f6 Kb6
35. Qe7 Nxf6 36. Qxd7 Nxd7 37. h6 Nf6 38. Rg6 Nxe4 39. h7 c4 40. h8=Q Kc5 41.
Qc8+ Kb6 42. Nc3 Nc5 43. Rxd6+ Ka7 44. Qxc5+ 1-0

[Event "Challenge"]
[Site "http://www.queenalice.com/game.php?id=424004"]
[Date "2008.6.27"]
[Round "-"]
[White "Moondawg"]
[Black "catfishcore"]
[Result "1-0"]
[WhiteElo "1953"]
[BlackElo "1449"]

1. e4 c5 2. Nf3 Nc6 3. d4 e6 4. d5 exd5 5. exd5 Nd4 6. Nxd4 cxd4 7. Qxd4 d6 8.
Nc3 Nf6 9. Bg5 Be7 10. Bxf6 Bxf6 11. Qd3 g6 12. Be2 Bf5 13. Qd2 O-O 14. O-O a6
15. Bd3 Bxd3 16. Qxd3 Be5 17. Rab1 Qg5 18. Ne4 Qh5 19. f4 f5 20. Ng3 Qh6 21.
fxe5 f4 22. Ne4 Rf5 23. Nxd6 Rxe5 24. Nxb7 g5 25. Rbe1 Rae8 26. Rxe5 Rxe5 27. d6
Re3 28. Qc4+ Kg7 29. d7 Qe6 30. Qxe6 Rxe6 31. d8=Q Re2 32. Qxg5+ 1-0

[Event "Challenge"]
[Site "http://www.queenalice.com/game.php?id=424005"]
[Date "2008.6.27"]
[Round "-"]
[White "catfishcore"]
[Black "Moondawg"]
[Result "0-1"]
[WhiteElo "1491"]
[BlackElo "1926"]

1. Nf3 d6 2. c4 e5 3. e4 Nf6 4. d3 Bg4 5. Bg5 Be7 6. Nbd2 h6 7. Bxf6 Bxf6 8. Qb3
b6 9. Be2 Nc6 10. Qb5 Qd7 11. h3 a6 12. Qb3 Be6 13. Qc3 O-O 14. b4 Be7 15. a4
Rfb8 16. O-O b5 17. Nxe5 Nxe5 18. f4 Nc6 19. f5 Bf6 20. Qxf6 gxf6 21. fxe6 Qxe6
22. Bg4 Qe7 23. Rab1 bxa4 24. Rf3 Rxb4 25. Rbf1 Nd4 26. Rf4 Kg7 27. Bh5 Rab8 28.
Rg4+ Kh7 29. Nf3 Rb1 30. Ne1 f5 31. Kh2 fxg4 32. Rxf7+ Qxf7 33. Bxf7 Rxe1 34. c5
gxh3 35. Kxh3 Re3+ 36. Kh4 Rf8 37. Bd5 Rxd3 0-1

[Event "GG"]
[Site "http://www.queenalice.com/game.php?id=424394"]
[Date "2008.6.28"]
[Round "-"]
[White "jw16js"]
[Black "Moondawg"]
[Result "0-1"]
[WhiteElo "1491"]
[BlackElo "1968"]

1. e4 e5 2. Bc4 Nf6 3. Qe2 d5 4. Bb5+ c6 5. Ba4 dxe4 6. f3 exf3 7. Qxe5+ Be6 8.
gxf3 Bd6 9. Qe3 O-O 10. Ne2 Nd5 11. Qg1 Qh4+ 12. Kd1 Qxa4 13. d4 b6 14. Bh6 g6
15. Qg5 Be7 16. Qg3 Rd8 17. Qe5 Bf6 18. Qxf6 Nxf6 19. Bg5 Rxd4+ 20. Nxd4 Qxd4+
21. Kc1 a5 22. Bh6 Bd5 23. Rd1 Qh4 24. Be3 Nbd7 25. Nc3 Bxf3 26. Rf1 Qxh2 27.
Rxf3 Qh1+ 28. Kd2 Qxf3 29. Na4 Re8 30. Re1 Nd5 31. Bf2 Rxe1 32. Bxe1 Qe3+ 33.
Kd1 Qd4+ 34. Kc1 Qxa4 35. a3 Ne3 36. Kb1 Qxc2+ 37. Ka2 Nc4 38. Bc3 Nc5 39. a4
Qxa4+ 40. Kb1 Ne4 41. b3 Ned2+ 42. Kc1 Qxb3 43. Bg7 Qb1# 0-1

[Event "Be the best, beat the rest!"]
[Site "http://www.queenalice.com/game.php?id=424414"]
[Date "2008.6.28"]
[Round "-"]
[White "PGeon"]
[Black "Moondawg"]
[Result "1-0"]
[WhiteElo "1504"]
[BlackElo "1979"]

1. d4 d5 2. e3 Nf6 3. Nc3 Nc6 4. Bb5 Bd7 5. Bxc6 Bxc6 6. Nf3 Ne4 7. O-O f5 8. a4
e6 9. Nxe4 dxe4 10. Ne5 Bd5 11. Qd2 Bd6 12. a5 Bxe5 13. dxe5 O-O 14. Ra4 Qe8 15.
b3 1-0

[Event "Let's Play Chess!"]
[Site "http://www.queenalice.com/game.php?id=426025"]
[Date "2008.7.1"]
[Round "-"]
[White "Moondawg"]
[Black "quebec"]
[Result "0-1"]
[WhiteElo "1955"]
[BlackElo "1620"]

1. e4 c5 2. Nf3 Nc6 3. d4 cxd4 4. Nxd4 Nf6 5. e5 Qa5+ 6. Nc3 Nxe5 7. Qe2 a6 8.
Bf4 Nc6 9. Nxc6 bxc6 10. O-O-O e6 11. Be5 Nd5 12. Nxd5 cxd5 13. Kb1 d6 14. Bc3
Qc5 15. Bd4 Qc6 16. f4 Be7 17. Bxg7 Rg8 18. Bd4 Rb8 0-1